Welcome to the Holygrace Academy Library

Please use search bar below to get started

XII MODER'S ABC+ CHEMISTRY (Record no. 7155)

MARC details
000 -LEADER
fixed length control field 00353nam a22001457a 4500
020 ## - INTERNATIONAL STANDARD BOOK NUMBER
ISBN 978-93-894-08141
082 ## - DEWEY DECIMAL CLASSIFICATION NUMBER
Classification number 530
Item number JAU/C
100 ## - MAIN ENTRY--AUTHOR NAME
Personal name JAUHAR, S.P
245 ## - TITLE STATEMENT
Title XII MODER'S ABC+ CHEMISTRY
260 ## - PUBLICATION, DISTRIBUTION, ETC. (IMPRINT)
Place of publication NEW DELHI
Name of publisher MODERN PUBLISHERS
Year of publication 2023
300 ## - PHYSICAL DESCRIPTION
Number of Pages 10/48
520 ## - SUMMARY, ETC.
Summary, etc XII CHEMISTRY REFERENCE
650 ## - SUBJECT ADDED ENTRY--TOPICAL TERM
Topical Term CHEMISTRY REFERENCE
942 ## - ADDED ENTRY ELEMENTS (KOHA)
Koha item type Books
Holdings
Withdrawn status Lost status Collection code Home library Current library Shelving location Date acquired Source of acquisition Cost, normal purchase price Full call number Accession Number Koha item type
    Reference Main Library Main Library SHELF-9 C XII CHEMISTRY 26/10/2023 Purchase 1530.00 530 JAU/C 12978 Books